00446nam a22001577a 45000050016000000100014000160200026000300350013000560370013000690820008000821000018000902450054001082600039001622700062002013000025002632010073003023.0 aENG-97449 a9789380348094c595.00 aEN-80982 bDBAD/PUB a921 aPandian, I.D. aLife and works of V.S. Naipaul /cby I.D. Pandian aKanpurbBhasker Publicationsc2009 a73,Mangla Vihar-11, Behind Anoop HospitalbKanpure208015 aV, 209p.c22 cm (Hb)